000 00310nam a22001337a 4500
008 170526b xxu||||| |||| 00| 0 eng d
020 _a9780962745157
041 _aeng
080 _a62
100 _a27
101 _aIM
245 _aINTELLIGENT AUTOMATION AND SOFT COMPUTING
_cJAMSHIDI, M
942 _2udc
_cBK
999 _c14473
_d14473